Why Do Firms Pay Antidumping Duty? /

With the virtual elimination of tariffs and quotas under GATT, antidumping measures emerged as a key instrument of protection. Under antidumping actions exporters can either raise the price to eliminate the dumping margin or pay an antidumping duty. This paper analyzes the incentives to exporters to...

Πλήρης περιγραφή

Λεπτομέρειες βιβλιογραφικής εγγραφής
Κύριος συγγραφέας: Gupta, Poonam
Μορφή: Επιστημονικό περιοδικό
Γλώσσα:English
Έκδοση: Washington, D.C. : International Monetary Fund, 1999.
Σειρά:IMF Working Papers; Working Paper ; No. 1999/166
Διαθέσιμο Online:Full text available on IMF
LEADER 01572cas a2200241 a 4500
001 AALejournalIMF007658
008 230101c9999 xx r poo 0 0eng d
020 |c 5.00 USD 
020 |z 9781451858082 
022 |a 1018-5941 
040 |a BD-DhAAL  |c BD-DhAAL 
100 1 |a Gupta, Poonam. 
245 1 0 |a Why Do Firms Pay Antidumping Duty? /  |c Poonam Gupta. 
264 1 |a Washington, D.C. :  |b International Monetary Fund,  |c 1999. 
300 |a 1 online resource (24 pages) 
490 1 |a IMF Working Papers 
500 |a <strong>Off-Campus Access:</strong> No User ID or Password Required 
500 |a <strong>On-Campus Access:</strong> No User ID or Password Required 
506 |a Electronic access restricted to authorized BRAC University faculty, staff and students 
520 3 |a With the virtual elimination of tariffs and quotas under GATT, antidumping measures emerged as a key instrument of protection. Under antidumping actions exporters can either raise the price to eliminate the dumping margin or pay an antidumping duty. This paper analyzes the incentives to exporters to choose between duty or settlement outcomes and finds that due to the smaller loss in market share exporters may prefer an antidumping duty over voluntary settlement. The paper analyzes the welfare implications of these outcomes and finds that they are ambiguous. 
538 |a Mode of access: Internet 
830 0 |a IMF Working Papers; Working Paper ;  |v No. 1999/166 
856 4 0 |z Full text available on IMF  |u http://elibrary.imf.org/view/journals/001/1999/166/001.1999.issue-166-en.xml  |z IMF e-Library